[Event "Vlissingen HZ op 21st"]
[Site "Vlissingen"]
[Date "2017.08.06"]
[Round "3"]
[White "Kalle, Erwin"]
[Black "De Wilde, Steven"]
[Result "1-0"]
[WhiteElo "2005"]
[BlackElo "1734"]
[PlyCount "49"]
[EventDate "2017.08.05"]
[EventType "swiss"]
[EventRounds "9"]
[EventCountry "NED"]
[SourceTitle "CBM 179 Extra"]
[Source "ChessBase"]
[SourceDate "2017.08.23"]
[SourceVersion "1"]
[SourceVersionDate "2017.08.23"]
[SourceQuality "1"]

1. e4 e6 2. d4 d5 3. Nd2 dxe4 4. Nxe4 Nf6 5. Nxf6+ Qxf6 6. Nf3 h6 7. Bd3 Nd7 8. Qe2 c6 9. 0-0 Bd6 10. Re1 0-0 11. c3 Re8 12. Ne5 Nf8 13. Qh5 Bxe5 14. dxe5 Qd8 15. Bc2 Bd7 16. Bf4 g5 17. Bc1 Kg7 18. h4 f6 19. exf6+ Qxf6 20. hxg5 hxg5 21. Bxg5 Qf7 22. Bh6+ Kg8 23. Qg5+ Kh8 24. Qe5+ Kg8 25. Qe3 1-0

[Event "NED-ch U20 op"]
[Site "Borne"]
[Date "2013.08.09"]
[Round "7"]
[White "De Wilde, Steven"]
[Black "Brantjes, Yme"]
[Result "1/2-1/2"]
[WhiteElo "1629"]
[BlackElo "1968"]
[PlyCount "98"]
[EventDate "2013.08.05"]
[EventType "swiss"]
[EventRounds "9"]
[EventCountry "NED"]
[SourceTitle "EXT 2015"]
[Source "ChessBase"]
[SourceDate "2014.11.20"]
[SourceVersion "1"]
[SourceVersionDate "2014.11.20"]
[SourceQuality "1"]

1. e4 c5 2. Nf3 d6 3. c3 g6 4. d4 cxd4 5. cxd4 Bg7 6. h3 Nc6 7. Be3 e6 8. Nbd2 Nge7 9. Be2 a6 10. 0-0 0-0 11. a4 f5 12. exf5 exf5 13. Nc4 d5 14. Nce5 f4 15. Bc1 Nxe5 16. Nxe5 Bxe5 17. dxe5 Nc6 18. Bf3 Be6 19. Qe2 Nd4 20. Qd3 Nxf3+ 21. Qxf3 Qg5 22. Bd2 Qxe5 23. Bc3 Qe4 24. Qxe4 dxe4 25. Rfd1 f3 26. Rd6 Bc4 27. Rd7 Rf7 28. Rad1 Be6 29. R7d6 Re8 30. Re1 Bc4 31. gxf3 Rxf3 32. Kg2 Rd3 33. Rd4 Rxd4 34. Bxd4 b5 35. axb5 axb5 36. Kg3 Re6 37. h4 b4 38. f3 exf3 39. Rxe6 Bxe6 40. Kxf3 b3 41. Kg3 Kf7 42. Bc3 Bc4 43. Bd4 Ke6 44. Bc3 Kf5 45. Bh8 h5 46. Bc3 g5 47. hxg5 Kxg5 48. Kh2 Kg4 49. Bh8 h4 1/2-1/2

[Event "NED-ch U20 op"]
[Site "Borne"]
[Date "2013.08.09"]
[Round "8"]
[White "Van der Voorden, Michael"]
[Black "De Wilde, Steven"]
[Result "1/2-1/2"]
[WhiteElo "1551"]
[BlackElo "1629"]
[PlyCount "34"]
[EventDate "2013.08.05"]
[EventType "swiss"]
[EventRounds "9"]
[EventCountry "NED"]
[SourceTitle "EXT 2015"]
[Source "ChessBase"]
[SourceDate "2014.11.20"]
[SourceVersion "1"]
[SourceVersionDate "2014.11.20"]
[SourceQuality "1"]

1. e4 e6 2. d4 d5 3. exd5 exd5 4. Bd3 Bd6 5. Nf3 Nf6 6. 0-0 0-0 7. Bg5 Bg4 8. Nbd2 Nbd7 9. c3 c6 10. Qc2 Qc7 11. h3 Bxf3 12. Nxf3 h6 13. Bxf6 Nxf6 14. Rfe1 Rfe8 15. a3 a5 16. Rxe8+ Rxe8 17. Re1 Rxe1+ 1/2-1/2

[Event "NED-ch U20 op"]
[Site "Borne"]
[Date "2013.08.07"]
[Round "4"]
[White "Beekhuis, Freek"]
[Black "De Wilde, Steven"]
[Result "0-1"]
[WhiteElo "908"]
[BlackElo "1629"]
[PlyCount "78"]
[EventDate "2013.08.05"]
[EventType "swiss"]
[EventRounds "9"]
[EventCountry "NED"]
[SourceTitle "EXT 2015"]
[Source "ChessBase"]
[SourceDate "2014.11.20"]
[SourceVersion "1"]
[SourceVersionDate "2014.11.20"]
[SourceQuality "1"]

1. e4 e6 2. d4 d5 3. f3 dxe4 4. fxe4 Qh4+ 5. Ke2 Qxe4+ 6. Be3 Nf6 7. Nc3 Qg6 8. Nf3 Bd6 9. Ke1 Nd5 10. Qd2 Nxe3 11. Qxe3 Qf6 12. Bc4 Bd7 13. Rf1 Bf4 14. Qe4 Qf5 15. Qxb7 Bc6 16. Qc8+ Ke7 17. Qxh8 Qxc2 18. Rd1 Qxb2 19. Rd3 Na6 20. Qxa8 Bxa8 21. Bxa6 Bd6 22. Rf2 Qc1+ 23. Nd1 Be4 24. Rb3 Bc2 25. Rxc2 Qxc2 26. Rb7 Qxa2 27. Rxa7 Qxg2 28. Be2 Bb4+ 29. Nd2 Qxh2 30. Ne3 Qg3+ 31. Kd1 Qxe3 32. Rxc7+ Kd8 33. Rc2 Qg1+ 34. Nf1 Qxd4+ 35. Nd2 e5 36. Ke1 Qg1+ 37. Bf1 e4 38. Rb2 e3 39. Rxb4 Qf2+ 0-1

[Event "NED-ch U20 op"]
[Site "Borne"]
[Date "2013.08.05"]
[Round "1"]
[White "De Wilde, Steven"]
[Black "Bakker, Jouke"]
[Result "1/2-1/2"]
[WhiteElo "1629"]
[BlackElo "1931"]
[PlyCount "85"]
[EventDate "2013.08.05"]
[EventType "swiss"]
[EventRounds "9"]
[EventCountry "NED"]
[SourceTitle "EXT 2015"]
[Source "ChessBase"]
[SourceDate "2014.11.20"]
[SourceVersion "1"]
[SourceVersionDate "2014.11.20"]
[SourceQuality "1"]

1. e4 e6 2. d3 d5 3. Nd2 Nf6 4. Ngf3 c5 5. g3 Nc6 6. Bg2 Be7 7. 0-0 0-0 8. Re1 b5 9. e5 Nd7 10. Nf1 Qc7 11. Bf4 a5 12. h4 b4 13. N1h2 Ba6 14. h5 Rac8 15. Ng4 Qa7 16. Qd2 c4 17. dxc4 dxc4 18. Bg5 c3 19. bxc3 bxc3 20. Qf4 Nb6 21. Nf6+ Kh8 22. h6 g6 23. Nd4 Nxd4 24. Qxd4 Rc4 25. Qe3 Qc7 26. Rad1 Rc5 27. Nd7 Nxd7 28. Bxe7 Rxe5 29. Bf6+ Nxf6 30. Qxe5 Qxe5 31. Rxe5 Rc8 32. Rxa5 Bc4 33. a4 Nd5 34. Bxd5 exd5 35. Raxd5 Bxd5 36. Rxd5 Kg8 37. a5 Kf8 38. a6 Ra8 39. Rc5 Rxa6 40. Rxc3 g5 41. Rc5 Rxh6 42. Rxg5 Rc6 43. Kg2 1/2-1/2